<?xml version="1.0" encoding="UTF-8"?>
<record
    xmlns:xsi="http://www.w3.org/2001/XMLSchema-instance"
    xsi:schemaLocation="http://www.loc.gov/MARC21/slim http://www.loc.gov/standards/marcxml/schema/MARC21slim.xsd"
    xmlns="http://www.loc.gov/MARC21/slim">

  <leader>02776nam a22002777a 4500</leader>
  <controlfield tag="005">20240305165628.0</controlfield>
  <controlfield tag="007">cr||||   |||| </controlfield>
  <controlfield tag="008">220217s2020    es |||||s|||| 00||0 spa d</controlfield>
  <datafield tag="020" ind1=" " ind2=" ">
    <subfield code="a">978-84-122106-6-8</subfield>
  </datafield>
  <datafield tag="035" ind1=" " ind2=" ">
    <subfield code="a">35569</subfield>
  </datafield>
  <datafield tag="040" ind1=" " ind2=" ">
    <subfield code="a">vLex</subfield>
  </datafield>
  <datafield tag="090" ind1=" " ind2=" ">
    <subfield code="c">13030</subfield>
    <subfield code="d">13030</subfield>
  </datafield>
  <datafield tag="100" ind1="1" ind2=" ">
    <subfield code="a">Cerrato Guri, Elisabet</subfield>
  </datafield>
  <datafield tag="245" ind1="1" ind2="2">
    <subfield code="a">La prueba pericial a examen</subfield>
    <subfield code="h">[Recurso electr&#xF3;nico] :</subfield>
    <subfield code="b">Propuestas de lege ferenda /</subfield>
    <subfield code="c">Elisabet Cerrato Guri, Joan Pic&#xF3; i Junoy, Juan Antonio Andino L&#xF3;pez</subfield>
  </datafield>
  <datafield tag="256" ind1=" " ind2=" ">
    <subfield code="a">Servicio en l&#xED;nea</subfield>
  </datafield>
  <datafield tag="260" ind1=" " ind2=" ">
    <subfield code="a">Barcelona:</subfield>
    <subfield code="b">J.M. Bosch Editor,</subfield>
    <subfield code="c">2020</subfield>
  </datafield>
  <datafield tag="300" ind1=" " ind2=" ">
    <subfield code="a">1 recurso electr&#xF3;nico</subfield>
  </datafield>
  <datafield tag="500" ind1=" " ind2=" ">
    <subfield code="a">Los primeros veinte a&#xF1;os de aplicaci&#xF3;n de la compleja regulaci&#xF3;n de la prueba pericial han planteado in</subfield>
    <subfield code=" ">nidad de problemas pr&#xE1;cticos de todo tipo en los tribunales. Esta monograf&#xED;a los analiza cr&#xED;ticamente y formula soluciones e</subfield>
    <subfield code=" ">caces para resolverlos, as&#xED; como presenta casi un centenar de propuestas articuladas de mejora normativa. Y ello lo hace de la mano de los verdaderos especialistas de la prueba pericial: desde la visi&#xF3;n judicial con los estudios del Magistrado de la Sala 1&#xAA; del Tribunal Supremo, Jos&#xE9; Luis Seoane Spiegelberg, y de las magistradas Carmen Ortiz Rodr&#xED;guez y Rosa M&#xAA; M&#xE9;ndez Tom&#xE1;s, ambas profesoras ordinarias de la Escuela Judicial del CGPJ; desde la perspectiva cient&#xED;</subfield>
    <subfield code=" ">ca con trabajos de los acad&#xE9;micos que han dedicado sus tesis doctorales a esta prueba, como los estudios de Pedro M. Garciand&#xED;a Gonz&#xE1;lez, Ignacio Flores Prada, Carmen V&#xE1;zquez, Eva Isabel Sanjurjo R&#xED;os y Rafael de Orellana Castro; y desde la experiencia del derecho comparado con las aportaciones de expertos en Evidence Law de EEUU, Jap&#xF3;n, Alemania, Italia y Brasil. De igual modo, incorpora numerosos estudios que abordan cuestiones problem&#xE1;ticas concretas de la prueba pericial, tales como la provisi&#xF3;n de fondos y honorarios de los peritos, la &#xE9;tica de los expertos judiciales, la prueba pericial cient&#xED;</subfield>
    <subfield code=" ">ca y digital, las tachas de peritos, etc. En de</subfield>
    <subfield code=" ">nitiva, se trata de un libro escrito por aut&#xE9;nticos especialistas de la prueba pericial, tanto del mundo acad&#xE9;mico, judicial y profesional &#x96;nacional e internacional&#x96;, que ofrece propuestas razonadas de mejora de nuestro derecho probatorio.</subfield>
  </datafield>
  <datafield tag="506" ind1="1" ind2=" ">
    <subfield code="a">Disponible solo en los productos indicados</subfield>
    <subfield code="d">vLex Global</subfield>
    <subfield code="d">vLex Global (Academic Edition, excluding Law Schools)</subfield>
    <subfield code="d">vLex Global (U.S. Academic Edition, Law Schools)</subfield>
    <subfield code="d">vLex Global (U.S. Academic Edition, excluding Law Schools)</subfield>
    <subfield code="d">vLex Global (Academic Edition, Law Schools)</subfield>
  </datafield>
  <datafield tag="650" ind1="0" ind2="4">
    <subfield code="a">Derecho Procesal</subfield>
    <subfield code="z">Espa&#xF1;a</subfield>
  </datafield>
  <datafield tag="700" ind1="1" ind2=" ">
    <subfield code="a">Pic&#xF3; i Junoy, Joan</subfield>
  </datafield>
  <datafield tag="700" ind1="1" ind2=" ">
    <subfield code="a">Andino L&#xF3;pez, Juan Antonio</subfield>
  </datafield>
  <datafield tag="740" ind1="0" ind2=" ">
    <subfield code="a">vLex Libros (Servicio en l&#xED;nea)</subfield>
  </datafield>
  <datafield tag="856" ind1="4" ind2="0">
    <subfield code="u">https://app.vlex.com/#/sources/35569</subfield>
  </datafield>
  <datafield tag="942" ind1=" " ind2=" ">
    <subfield code="c">RAA</subfield>
  </datafield>
  <datafield tag="952" ind1=" " ind2=" ">
    <subfield code="0">0</subfield>
    <subfield code="1">0</subfield>
    <subfield code="4">0</subfield>
    <subfield code="7">0</subfield>
    <subfield code="8">VLEX</subfield>
    <subfield code="9">329190</subfield>
    <subfield code="a">BD-UIN</subfield>
    <subfield code="b">BD-UIN</subfield>
    <subfield code="d">2024-03-05</subfield>
    <subfield code="l">0</subfield>
    <subfield code="p">35569</subfield>
    <subfield code="r">2024-03-05</subfield>
    <subfield code="w">2024-03-05</subfield>
    <subfield code="y">RAA</subfield>
  </datafield>
  <datafield tag="999" ind1=" " ind2=" ">
    <subfield code="c">171266</subfield>
    <subfield code="d">171266</subfield>
  </datafield>
</record>
